000 00884nam a22003017a 4500
001 BR7604165
003 BR-BrBNA
005 20230928085055.0
007 ta
008 230509b bl.||||| |||| 00| 0 por d
040 _aBR-BrBNA
_bpor
_cBiblioteca Nacional de Agricultura
041 _a(Por)
072 _aC00
_b/G514
090 _ C00 BR7604165
110 1 _aUniversidade Federal do Ceara, Fortaleza (Brasil). Centro de Ciencias Agrarias. Depto. de Economia Agricola
245 1 _aMestrado em economia rural 1977/78 [Universidade Federal do Ceara, Brasil]
260 3 _aFortaleza, CE (Brasil):
_c1976.
300 _a15 p.
650 _aEDUCACAO
650 _aUNIVERSIDADE FEDERAL
650 _aCURSO
650 _aECONOMIA AGRICOLA
650 _aENSINO SUPERIOR
650 _aFORTALEZA
650 _aCEARA
909 _a202309
_bLucia
_c55
_dLucia Elande
942 _cBK
999 _c22670
_d22670